000 00884nas a2200277 4500
001 BR2011000361
003 BR-BrBNA
005 20231205114841.0
007 ta
008 230509b bl.|||p| |||| 00| 00por d
040 _aBR-BrBNA
_bpor
_cBiblioteca Nacional de Agricultura
041 _a(Es)
072 _aQ04
100 1 _aTucci, M.L.S.
100 1 _aAbreu, M.F. de
100 1 _aSaes, L.A.
100 1 _aSentelhas, P.C.
245 1 _aComposición de ácidos grasos y contenido de manteca de cacao de frutos producidos en distintas condiciones climáticas
650 _aMANTEIGA DE CACAU
650 _aÁCIDO GRAXO
650 _aCONDIÇÃO AMBIENTAL
650 _aCOLHEITA
773 0 _tBrazilian Journal of Food Technology (Brazil)
_xISSN 1519-0900
_g(1999), v. 2(1-2) p. 103-110
_wBR2011000361
909 _a202311
_bLúcia
_c55
_dLúcia Elande
942 _2AGRIS
_n0
_cANA
999 _c210826
_d210826